| 000 | 01079nam a2200265 a 4500 | ||
|---|---|---|---|
| 001 | 000014647 | ||
| 005 | 20240228135320.0 | ||
| 008 | 100118t2007 dr abc 001 0 spa d | ||
| 020 | _z9993483303 | ||
| 040 |
_aDO-SdBNP _bspa _cBNPHU |
||
| 082 |
_a327.729307294 _bP127r, 2007 |
||
| 100 | 1 |
_aPáez Piantini, William, _d1937- _970367 |
|
| 245 | 1 | 0 |
_aRelaciones domínico-haitianas : _b300 años de historia / _cWilliam Páez Piantini ; prólogo Luis Ventura Sánchez. |
| 250 | _a2ª ed. | ||
| 260 |
_aSanto Domingo : _bMediabyte, _c2007. |
||
| 300 |
_a440 p. : _bil., map., retrs. ; _c23 cm. |
||
| 590 | 1 | _aInventariado, 2018/BT | |
| 651 | 4 |
_aRepública Dominicana _xEmigración E Inmigración _zHistoria _910167 |
|
| 651 | 4 |
_aHaití _xEmigración E Inmigración _zHistoria _910168 |
|
| 651 | 4 |
_aRepública Dominicana _xHistoria _9170 |
|
| 651 | 4 |
_aRepública Dominicana _xRelaciones Exteriores _zHaití _92233 |
|
| 651 | 4 |
_aHaití _xRelaciones Exteriores _zRepública Dominicana _92234 |
|
| 700 | 1 |
_aVentura Sánchez, Luis, _epról. _933191 |
|
| 910 | _aValidado. Control de calidad. EMS | ||
| 999 |
_c14231 _d14231 |
||